The mariner's role in collecting evidence in light of ISM (Record no. 3179)

000 -LEADER
fixed length control field 00403nam a2200157Ia 4500
008 - FIXED-LENGTH DATA ELEMENTS--GENERAL INFORMATION
fixed length control field 200103s9999||||xx |||||||||||||| ||und||
020 ## - INTERNATIONAL STANDARD BOOK NUMBER
International Standard Book Number 9781870077767,
082 ## - DEWEY DECIMAL CLASSIFICATION NUMBER
Classification number Column-4
100 ## - MAIN ENTRY--PERSONAL NAME
Personal name Phil Anderson
245 #4 - TITLE STATEMENT
Title The mariner's role in collecting evidence in light of ISM
250 ## - EDITION STATEMENT
Edition statement 3rd Ed.
260 ## - PUBLICATION, DISTRIBUTION, ETC. (IMPRINT)
Name of publisher, distributor, etc The Nautical Institute
Date of publication, distribution, etc 2006
300 ## - PHYSICAL DESCRIPTION
Extent xvi, 400
942 ## - ADDED ENTRY ELEMENTS (KOHA)
Item type Books
Holdings
Withdrawn status Lost status Source of classification or shelving scheme Damaged status Not for loan Collection code Permanent location Current location Shelving location Date acquired Full call number Barcode Date last seen Koha item type Public note
          Non-fiction IMU-MPC Library IMU-MPC Library General Stacks 2020-01-08 363.28 AND LBS13730 2025-03-17 Books Column-4
Copyright © 2021 Indian Maritime University, Mumbai Port Campus. All Rights Reserved. Managed & Maintained by Central Library, IMU-Mumbai

webs counters

Powered by Koha